| Tag |
First Indicator |
Second Indicator |
Subfields |
| LEADER |
00000cam a22000004a 4500 |
| 001 |
in00001563607 |
| 005 |
20151022082009.0 |
| 008 |
990107s2000 nyua b 001 0 eng |
| 010 |
|
|
|a 99011642
|
| 020 |
|
|
|a 0766812782
|
| 035 |
|
|
|a (OCoLC)ocm40631719
|
| 040 |
|
|
|a DLC
|c DLC
|d TXA
|d UtOrBLW
|
| 042 |
|
|
|a pcc
|
| 043 |
|
|
|a n-us---
|
| 049 |
|
|
|a TXAM
|
| 050 |
0 |
0 |
|a LB1139.4
|b .H73 2000
|
| 082 |
0 |
0 |
|a 372.19/0973
|2 21
|
| 100 |
1 |
|
|a Arce, Eve-Marie.
|
| 245 |
1 |
0 |
|a Curriculum for young children :
|b an introduction /
|c Eve-Marie Arce.
|
| 264 |
|
1 |
|a Albany, NY :
|b Delmar,
|c [2000]
|
| 264 |
|
4 |
|c ©2000
|
| 300 |
|
|
|a x, 246 pages :
|b illustrations ;
|c 28 cm.
|
| 336 |
|
|
|a text
|b txt
|2 rdacontent
|
| 337 |
|
|
|a unmediated
|b n
|2 rdamedia
|
| 338 |
|
|
|a volume
|b nc
|2 rdacarrier
|
| 504 |
|
|
|a Includes bibliographical references and index.
|
| 650 |
|
0 |
|a Early childhood education
|z United States
|x Curricula.
|
| 650 |
|
0 |
|a Curriculum planning
|z United States.
|
| 994 |
|
|
|a E0
|b TXA
|
| 948 |
|
|
|a cataloged
|b h
|c 2000/10/30
|d c
|e ceaton
|f 12:42:21 pm
|
| 999 |
|
|
|a MARS
|
| 999 |
f |
f |
|s 26bbca7a-9bcf-3d3a-9db1-576a75372337
|i dff3bd98-8ff8-3db1-84e9-af7df782eef5
|t 0
|
| 952 |
f |
f |
|p normal
|a Texas A&M University
|b College Station
|c Sterling C. Evans Library
|d Evans: Library Stacks
|t 0
|e LB1139.4 .H73 2000
|h Library of Congress classification
|i unmediated -- volume
|m A14826873494
|
| 998 |
f |
f |
|a LB1139.4 .H73 2000
|t 0
|l Evans: Library Stacks
|